| 000 | 00341nam a2200133Ia 4500 | ||
|---|---|---|---|
| 008 | 210210b1986 xxu||||| |||| 00| 0 eng d | ||
| 082 | _a621.38804 VIJC | ||
| 100 | _aVIJAY (R C). | ||
| 245 | _aColour television troubleshooting. | ||
| 260 |
_aDelhi _bB P B Publications _c1986 |
||
| 300 | _aviii,243 | ||
| 690 | _aTelevision | ||
| 906 | _a047221 | ||
| 999 |
_c96052 _d96052 |
||